00855nam a22002417a 450000500170000001000130001702000230003003500130005303700160006604000120008208200170009410000270011124501190013826000360025727000320029330000210032550000190034665000490036565000260041494200260044099900190046695201280048520170124110007.0 aA-381978 c225.00a8170950155 aA-381978 bCen Lib/Ret aDPLbEN a352.054bKAS aKashyap, Anirban93975 aPanchayati raj :cby Anirban Kashyapbviews of the founding fathers and recoomendations of different communities / aNew DelhibLancers books c1989 bNew DelhiaP.O. Box no 4236 a283p. c21cm(Hb) aIncludes index aLocal government--Law and legislation917026 aPanchayati raj915486 2ddccENh352.054mKAS c126245d126245 00104070aLbLd2015-06-25eCen Lib/Retg225.00l0o352.054 KASpA-381978r2015-06-25 00:00:00t1v225.00w2016-09-15yEN